Statistics for Objects by Picture - P

Click here to take the quiz!

General Stats

  • This quiz has been taken 355 times
  • The average score is 12 of 15

Answer Stats

Answer% Correct
Pig
98%
Pumpkin
98%
Pencil
97%
Pancake
96%
Pillow
96%
Pineapple
96%
Panda
95%
Popcorn
94%
Pepperoni / Pizza
93%
Pluto / Planet
90%
Padlock
68%
People
60%
Protractor
59%
Pixel
58%
Pylon
24%

Score Distribution

Percentile by Number Answered

Percent of People with Each Score

Your Score History

You have not taken this quiz